00000000nam##2200000za#4500
0019.634746
003CaOODSP
00520210624215925
007cr |||||||||||
008150407|2007||||xxc|||||o    f|0| 0 fre|d
020 |a978-0-662-07488-5
040 |aCaOODSP|bfre
043 |an-cn---
0861 |aH164-56/2007F-PDF
1101 |aCanada. |bDirection générale des produits de santé et des aliments.
24510|aGuide de préparation des demandes d'autorisation concernant les additifs alimentaires : |h[ressource électronique]|bincluant les informations sur les demandes d'autorisation concernant l'irridiation des aliments et sur les demandes d'opinions concernant les substances qui ne sont pas encore traitées comme des additifs alimentaires / |c[publié par le] Bureau d'innocuité des produits chimiques, Direction des aliments.
260 |aOttawa - Ontario : |bSanté Canada. |c2007.
300 |a54p.
590 |a12-31-Supp|b2012-07-06
69107|aTransformation des aliments|2gcpds
77508|tA guide to the preparation of submissions on food additives : |w(CaOODSP)9.690381
85640|ahttp://publications.gc.ca|qPDF|s2.60 Mo|uhttps://publications.gc.ca/collections/collection_2012/sc-hc/H164-56-2007-fra.pdf
986 |aSC Pub. : 4831